1360 1400 1198 1047 1147 1414 1807 1286 1387 1198 1582 1863 1964 1166 1463 1177 1001 1103 1109 1396 1373 1369 1683 1229 1859 1167 1570 1855 1871 1198 1363 1157 1954 1565 1411 1319 1773 1965 1344 1525 1622 1644 1723 1726 1520 1928 1299 1249 1346 1315 1777 1543 1324 1003 1701 1872 1219 1514 1015 1535 1163 1419 1548 1715 1483 1652 1666 1808 1702 1659 1338 1726 1046 1500 1479 1597 1499 1104 1685 1942 1850 1426 1789 1506 1044 1894 1695 1942 1860 1803 1477 1982 1417 1023 1905 1269 1559 1270 1930 BCNSPRNW ULIB Ver.6.0+V

เปลี่ยนเป็นภาษาไทย

Change to English
 แสดงรายละเอียดบรรณานุกรม
  กลับหน้าหลัก

Brief Record : Get Marc (ISO 2709) : E-mail record : QR code < ปิดหน้าต่าง
LEADER : 00000nam 2200000uu 4500
001    13399123960
003     ULIB
008    141215s2556||||th 000 0 tha d
020    ^a9786161119102
060  4 ^aW18^bส473
110 1  ^aกระทรวงสาธารณะสุข.^bสถาบันพระบรมราชชนก.
245 00 ^aสองทศวรรษสถาบันพระบรมราชชนก ตามรอยพระบิดา ผลิตและพัฒนากำลังพลด้านสุขภาพ /^cคณะผู้จัดทำ อภิชาติ รอดสม ... [และคนอื่นๆ]
250    ^aพิมพ์ครั้งที่ 1
260    ^aนนทบุรี :^bสถาบันพระบรมราชชนก,^c2556
300    ^a208 หน้า :^bภาพประกอบ
600 07 ^aมหิตลาธิเบศร อดุลยเดชวิกรม พระบรมราชชนก,^cสมเด็จพระ, 2434-2472^xพระกรณียกิจ^xด้านการศึกษา
610 27 ^aสถาบันพระบรมราชชนก.^xประวัติ
650  7 ^aสาธารณสุข^xการศึกษาและการสอน
650  7 ^aสุขภาพ^xการศึกษาและการสอน
700 0  ^aอภิชาติ รอดสม
945    ^p0^l0^i22785
945    ^p0^l0^i22786
999    ^aทศพร เกษรทอง
รายการนี้ยังไม่มีแท็ก
คุณยังไม่ได้ล็อกอิน คุณสามารถมีกิจกรรมร่วมกับเว็บไซต์ได้ แต่ต้องล็อกอินก่อน ::
  ล็อกอิน

รายการสื่อสารสนเทศ

ลำดับที่ ประเภท เลขเรียก/บาร์โค้ด สถานที่ สถานะ
1. วิทยาศาสตร์การแพทย์ และสุขภาพ
หนังสือสำรอง
สถานะ=หนังสือสำรอง
W18 ส473 ฉ.1 
  Barcode: 22785
ห้องสมุดวิทยาเขตนครสวรรค์
►หนังสือทั่วไป:l:General Books
บนชั้น
2. วิทยาศาสตร์การแพทย์ และสุขภาพ
วิทยาศาสตร์การแพทย์ และสุขภาพ
W18 ส473 ฉ.2 
  Barcode: 22786
ห้องสมุดวิทยาเขตนครสวรรค์
►หนังสือทั่วไป:l:General Books
บนชั้น

BibComment


ยังไม่เคยถูกคอมเมนท์

คอมเมนท์ทรัพยากรรายการนี้
  คอมเมนท์: สองทศวรรษสถาบันพ..


 Copyright 2026. Bcnsprnw @Library